| 000 | 01046cam a22002654a 4500 | ||
|---|---|---|---|
| 001 | 12588024 | ||
| 003 | OSt | ||
| 005 | 20210223144559.0 | ||
| 008 | 010719s2000 ck bw 000 0 spa | ||
| 020 | _a958635377X | ||
| 035 | _a(BoCbEI)ei 0102M0285 | ||
| 040 |
_aDLC _cCO-JMCR |
||
| 042 | _apcc | ||
| 082 | 0 | 4 |
_a345.861 / _bP944s _223 |
| 100 | 1 |
_aPérez Pinzón, Alvaro Orlando. _eautor _913827 |
|
| 245 | 1 | 3 |
_aUn siglo de jurisprudencia penal : _bparte general, 1886-2000 : tematizada y clasificada cronológicamente / _cAlvaro Orlando Pérez Pinzón. |
| 250 | _aPrimera edición | ||
| 260 |
_aBogotá : _bEdiciones Librería del Profesional, _c2000. |
||
| 300 |
_axiv, 228 páginas ; _c24 cm. |
||
| 504 | _aBibliografía: páginas 227-228 | ||
| 520 | 0 | _aLas decisiones judiciales implican, tal como lo señala la Constitución Política (artículo 230), un compromiso legal en cuanto en su producción el Juez sólo está atado a la ley. | |
| 650 | 2 | 4 |
_aLey criminal _zColombia _913828 |
| 650 | 2 | 4 |
_aDerecho penal _93455 |
| 942 |
_2ddc _cBK |
||
| 999 |
_c7298 _d7298 |
||